The international energy relations of China /

Bibliographic Details
Main Author: Woodard, Kim
Format: Book
Language:English
Published: Stanford, Calif. : Stanford University Press, 1980.
Subjects:

MARC

Tag First Indicator Second Indicator Subfields
LEADER 00000cam a2200000 a 4500
001 in00000077219
005 20151008060601.0
008 810930s1980 caua b 00110 eng
010 |a  77092949  
020 |a 0804710082 
035 |a (OCoLC)07094797 
035 |9 AAJ6086AM 
039 0 |a 2  |b 3  |c 3  |d 3  |e 3 
040 |a DLC  |c DLC  |d TXA  |d UtOrBLW 
043 |a a-cc--- 
049 |a TXAM  |c [1805213] 
050 0 0 |a HD9016.C62  |b W66 
082 0 |a 333.79/0951  |2 19 
100 1 |a Woodard, Kim. 
245 1 4 |a The international energy relations of China /  |c Kim Woodard. 
264 1 |a Stanford, Calif. :  |b Stanford University Press,  |c 1980. 
300 |a xxi, 717 pages :  |b illustrations ;  |c 25 cm. 
336 |a text  |b txt  |2 rdacontent 
337 |a unmediated  |b n  |2 rdamedia 
338 |a volume  |b nc  |2 rdacarrier 
500 |a Includes index. 
504 |a Bibliography: pages [691]-702. 
650 0 |a Petroleum industry and trade  |z China. 
650 0 |a Energy industries  |z China. 
650 0 |a Energy policy  |z China. 
651 0 |a China  |x Foreign economic relations. 
999 |a MARS 
999 f f |s c271ec35-9d0d-3bbc-b528-19618b2320d7  |i 8a301eb2-d288-3e52-8d76-4e68eab09b0a  |t 0 
952 f f |p ric  |a Texas A&M University  |b Rellis Campus  |c Joint Library Facility  |d Remote Storage  |t 0  |e HD9016.C62 W66  |h Library of Congress classification  |i unmediated -- volume  |m A14806130290 
998 f f |a HD9016.C62 W66  |t 0  |l Remote Storage